Регионална библиотека "Любен Каравелов" - Русе

La Macedoine orientale du Sud (Запис номер 344769)

MARC детайли
000 -Лидер
Контролно поле с фиксирана дължина 01461nam a2200313 c 4500
003 - Код на организацията, давaща контролен номер
Контролно поле BLK
005 - Дата и час на последна редакция
Контролно поле 20210126094736.0
008 - Елементи от данни с фиксирана дължина
fixed length control field 180911b bul|||||r ||||||| ||bul||
010 ## - Наследен системен номер
LC control number 004435
040 ## - Източник на каталожния запис
Идентификатор на билиотеката - собственик на записа BLK
041 ## - Код за език
Код за езика на текст/звукозапис или на отделно заглавие Френски
Код за езика КДБФ Български
080 ## - УДК
УДК - код + определител 949.72314(497)
100 1# - Редна дума - Автор
Автор POPGEORGIEV, Jordan et al.
Авторска отговорност първи автор
R(LIN) 399801
245 00 - Сведения за заглавието
Заглавие La Macedoine orientale du Sud
Том III
246 ## - Различни форми на заглавието
Паралелно заглавие P. I - II
Текст за показване Serres et sa campagne. Recherches et documentsLa region de Drama, Zeukhna, Cavala, Pravichta et Sareu-Chabane. Recherches et documents
260 ## - Област на издателските данни
Място на издаване, разпространение и проч. Philippopoli
Година на издаване 1918
Печатница Impr. Chr. G. Danof
300 ## - Физическа характеристика
Страници XIV, 71 с.: с факс., 2 л. : факс., 1 л. : кXVI, 60 с. : с факс
Размери/Мащаб 31 см
380 ## - Жанр
Жанр История
490 ## - СЕРИИ (Колекции)
Име на серия Частна колекция - Академик Михаил Арнаудов
Бележки за серията Дарение - Основен фонд
505 ## - Форматирана забележка
Заглавие Serres et sa campagne. Recherches et documentsLa region de Drama, Zeukhna, Cavala, Pravichta et Sareu-Chabane. Recherches et documents
520 ## - Забележка за наличие на резюме, анотация и т.н
Анотация, рецензия, сканиран текст Михаил Арнаудов: подпис
520 ## - Забележка за наличие на резюме, анотация и т.н
Анотация, рецензия, сканиран текст Михаил Арнаудов: на други лица-листнегови-книга
520 ## - Забележка за наличие на резюме, анотация и т.н
Анотация, рецензия, сканиран текст Портрет на Н. в. Симеон II, с. VIII. - Подчертавания в текста инв. № 589502.
655 ## - Ключова дума – жанр/разновидност
Данни за жанр/разновидност или ключова дума за фокус българска история
700 1# - Други автори (авторска отговорност)
Лично име Jordan Popgeorgiev
9 (RLIN) 439406
700 1# - Други автори (авторска отговорност)
Лично име St. N. Siskov
9 (RLIN) 439407
852 ## - Местоположение
Форматна сигнатура МА 2979
999 ## - СИСТЕМНИ КОНТРОЛНИ НОМЕРА
Koha biblionumber 344769
Koha biblioitemnumber 344769
942 ## - АРТИКУЛИ
Вид на библиотечния материал Книги
Скрит в OPAC Не
Периодичен библиозапис Да
944 ## - СЪЗДАВАНЕ И РЕДАКЦИЯ на ЗАПИСА
Създаване/Редакция Създаване
Дата на регистрацията/редакция 1994
999 ## - СИСТЕМНИ КОНТРОЛНИ НОМЕРА
Koha biblioitemnumber 344769
Наличности
Код за отписване Код за изгубен артикул Източник на класификационната схема Код за повреда Коз за рестрикции Код за отдаване Артикулен № Име на библиотеката - собственик Име на библиотеката, в която се намира в момента Статус (Текущо местоположение) Местоположение - отдел Цена в лева Номерация (Хронология) Инвентарен номер Систематично азбучна сигнатура Баркод Номер на екземпляра Цена в евро Служебен тип на артикула
  Не е изгубен Universal Decimal Classification Не е повреден без рестрикции Специални фондове ( старопечатни, редки и ценни, фонд М. Арнаудов) 745241 Регионална библиотека "Любен Каравелов" Русе Регионална библиотека "Любен Каравелов" Русе Фонд "Михаил Арнаудов" Фонд "Михаил Арнаудов" 80.00   589501 МА 2979 120000589501 1 40.90 Книги
  Не е изгубен Universal Decimal Classification Не е повреден без рестрикции Специални фондове ( старопечатни, редки и ценни, фонд М. Арнаудов) 745242 Регионална библиотека "Любен Каравелов" Русе Регионална библиотека "Любен Каравелов" Русе Фонд "Михаил Арнаудов" Фонд "Михаил Арнаудов" 80.00   589502 МА 2979 120000589502 3 40.90 Книги
Vip Innovations Ltd, Rousse, Bulgaria 2025